LEADER 00939nam0 22002531i 450 001 UON00342276 005 20231205104303.538 010 $a03-87900-88-8 100 $a20091102d1974 |0itac50 ba 101 $aeng 102 $aUS 105 $a|||| 1|||| 200 1 $aMeasure theory$fPaul R. Halmos 210 $aNew York ... [etc.]$cSpringer$d1974 215 $aXI, 304 p.$d24 cm. 410 1$1001UON00280228$12001 $aGraduate text in Mathematics$fS. Axler, F.W. Gehring, P.R. Halmos.$v18 620 $aUS$dNew York$3UONL000050 700 1$aHALMOS$bPaul R.$3UONV195214$0439609 801 $aIT$bSOL$c20240220$gRICA 899 $aSIBA - SISTEMA BIBLIOTECARIO DI ATENEO$2UONSI 912 $aUON00342276 950 $aSIBA - SISTEMA BIBLIOTECARIO DI ATENEO$dSI V ECON B 0341 $eSI SC 46049 5 0341 $sBuono 996 $aMeasure theory$974356 997 $aUNIOR